Get The Picture: James Bond Or Harry Hart Quiz Stats

 Plays Quiz not verified by Sporcle

Score 0/16 Timer 03:00
0 Plays Today
Question Answer Wrong Answers
Vodka martini, shaken not stirred. James
84%
Harry
9.4%
Manners maketh man. Harry
80.9%
James
10.8%
That last hand, it nearly killed me. James
77.9%
Harry
16.2%
There is nothing noble in being superior to your fellow man; true nobility is being superior to your former self. Harry
77.9%
James
15.3%
A gentleman's name should appear in the newspaper only three times: When he's born, when he marries, and when he dies. Harry
76.2%
James
15.5%
How do you kill five hours in Rio if you don't samba? James
71.3%
Harry
21.4%
Governments change... the lies stay the same. James
69.6%
Harry
23.1%
As a child, I rather fancied a future as a colorful megalomaniac. Harry
68.2%
James
25.2%
Are we going to stand around here all day, or are we going to fight? Harry
66.6%
James
26.4%
When one is in Egypt, one should delve deeply into its treasures. James
66.4%
Harry
26.1%
This never happened to the other fellow. James
64.5%
Harry
29.2%
This is not the end. It is not even the beginning of the end. But it is, perhaps, the end of the beginning. Harry
63.5%
James
29.2%
That's the trouble with the world today. No one takes the time to do a really sinister interrogation anymore. It's a lost art. James
60.2%
Harry
31.5%
Call me old-fashioned. I don't consider genocide especially lady-like. Harry
56.5%
James
36.2%
I can assure you, my intentions are strictly honourable. James
55.1%
Harry
37.2%
Just know that having something to lose is what makes life worth living. Harry
50.4%
James
43.5%

You're not logged in!

Compare scores with friends on all Sporcle quizzes.
OR
Log In

Sporcle TV

Today on Sporcle TV


Watch our educational content, quiz creation guides, and fun videos on Sporcle TV.

Show Comments

Extras

Top Quizzes Today


Score Distribution

Your Account Isn't Verified!

In order to create a playlist on Sporcle, you need to verify the email address you used during registration. Go to your Sporcle Settings to finish the process.

Report this User

Report this user for behavior that violates our Community Guidelines.

Details: